Normal view
MARC view
Entry Personal Name
001 - CONTROL NUMBER
- control field: 34256
003 - CONTROL NUMBER IDENTIFIER
- control field: ARRUPE
005 - DATE AND TIME OF LATEST TRANSACTION
- control field: 20170801141359.0
008 - FIXED-LENGTH DATA ELEMENTS
- fixed length control field: 170801|| aca||aabn | a|a d
040 ## - CATALOGING SOURCE
- Original cataloging agency: ARRUPE
- Transcribing agency: ARRUPE
100 ## - HEADING--PERSONAL NAME
- Personal name: Meynell, Hugo A.
- Fuller form of name: (Hugo Anthony),
- Dates associated with a name: 1936-
670 ## - SOURCE DATA FOUND
- Source citation: Work cat.: (ARRUPE)5040: Meynell, Hugo A. (Hugo Anthony), 1936-, Postmodernism and the New Enlightenment /, c1999.